000 00359nam a2200109Ia 4500
008 211028s2009 xx 000 0 und d
041 _aeng
100 _aNarayanan, Shruthi; Vijay, Deborah.
_g71824
_99092
110 _aDeborah Vijay
_99093
245 _aFinding effective inhibitors for breast cancer using Chemopreventive Molecules.
260 _aMangalore
_c2009
999 _c220209
_d220209